Cours d'analyse

Salvato in:
Dettagli Bibliografici
Autore principale: Jordan, Camille (Autore)
Natura: Libro
Lingua:francese
Pubblicazione: París Gauthier-Villars 1959
Edizione:3a. ed
Soggetti:
Tags: Aggiungi Tag
Nessun Tag, puoi essere il primo ad aggiungerne!!

MARC

LEADER 00000nam a2200000 a 4500
001 UCP3438
003 CL-VaPUC
008 990618e19590000FR |||||||||||||||||fre|d
082 0 4 |a 515  |b JOR  |2 21 
100 |a Jordan, Camille  |e author  |9 431389 
245 1 0 |a Cours d'analyse 
250 |a 3a. ed 
300 |a 3 v 
942 |c BK 
945 |d 19990618 00:00:00  |a crobeson 
260 |a París  |b Gauthier-Villars  |c 1959 
500 |a v.1: Calcul différentiel 
500 |a v.2: Calcul intégral 
500 |a v.3: Equations différentielles 
650 0 |a Análisis matemático   |9 260146 
650 0 |a Cálculo  |9 260234 
650 0 |a Cálculo diferencial   |9 260102 
650 0 |a Cálculo integral  |9 260103 
650 0 |a Ecuaciones diferenciales  |9 260083 
650 0 |a Ecuaciones integrales   |9 270067 
650 0 |a Vectores  |9 317184 
650 0 |a Series de Fourier  |9 260465 
650 7 |a FUNCIONES ELIPTICAS  |2 CL-VaPUC  |9 271205 
650 7 |a FUNCIONES PERIODICAS  |2 CL-VaPUC  |9 425346 
583 |a last modification  |c 19990618 00:00:00  |k Rodrigo Vera 
999 |c 281756  |d 281754 
952 |0 0  |1 0  |4 0  |6 515_000000000000000_JOR_1959  |7 0  |8 A  |9 322735  |a BIBMAT  |b BIBMAT  |d 2019-11-20  |h v.1  |i 135115K  |o 515 JOR 1959  |p 135115K  |r 2025-01-07  |w 2019-11-20  |y BK  |k MAT 
952 |0 0  |1 0  |4 0  |6 515_000000000000000_JOR_1959  |7 0  |8 A  |9 322736  |a BIBMAT  |b BIBMAT  |d 2019-11-20  |h v.1  |i 1351168  |o 515 JOR 1959  |p 1351168  |r 2025-01-07  |w 2019-11-20  |y BK  |k MAT 
952 |0 0  |1 0  |4 0  |6 515_000000000000000_JOR_1959  |7 0  |8 A  |9 322737  |a BIBMAT  |b BIBMAT  |d 2019-11-20  |h v.2  |i 1351176  |o 515 JOR 1959  |p 1351176  |r 2025-01-07  |w 2019-11-20  |y BK  |k MAT 
952 |0 0  |1 0  |4 0  |6 515_000000000000000_JOR_1959  |7 0  |8 A  |9 322738  |a BIBMAT  |b BIBMAT  |d 2019-11-20  |h v.2  |i 1351184  |o 515 JOR 1959  |p 1351184  |r 2025-01-07  |w 2019-11-20  |y BK  |k MAT 
952 |0 0  |1 0  |4 0  |6 515_000000000000000_JOR_1959  |7 0  |8 A  |9 322739  |a BIBMAT  |b BIBMAT  |d 2019-11-20  |h v.3  |i 1351192  |o 515 JOR 1959  |p 1351192  |r 2025-01-07  |w 2019-11-20  |y BK  |k MAT 
952 |0 0  |1 0  |4 0  |6 515_000000000000000_JOR_1959  |7 0  |8 A  |9 322740  |a BIBMAT  |b BIBMAT  |d 2019-11-20  |h v.3  |i 1351206  |o 515 JOR 1959  |p 1351206  |r 2025-01-07  |w 2019-11-20  |y BK  |k MAT